00335nam a22001337a 4500003000400000020001800004082001800022100002300040245004500063250000900108260005600117300001100173650001700184SGT a9789352705788 a617.525bT21M aNeelima Anil Malik aTextbook of Oral & Maxillofacial Surgery a5TH  aNEW DELHIbJaypee Brothers Medical Publishersc2021 a1-1254 aORAL SURGERY